| 000 | 00532nam a2200169 i 4500 | ||
|---|---|---|---|
| 001 | 78788 | ||
| 003 | ES-MaACL | ||
| 007 | t| | ||
| 008 | 041018s1975 sp ||||1| spa d | ||
| 100 | 1 |
_aHayek, Friedrich A. von. _962190 |
|
| 245 | 1 | 4 |
_aLos fundamentos de la libertad / _cFriedrich A. von Hayek ; [traducción de José Vicente Torrente]. |
| 250 | _a2ª ed. | ||
| 260 |
_a[Madrid] : _bUnion Editorial, _c[1975] |
||
| 300 |
_a443 p. ; _c25 cm. |
||
| 700 | 1 |
_aTorrente, José Vicente. _9110846 |
|
| 852 |
_aES-MaACL _jE-7469 _bR.91965 |
||
| 999 |
_c78788 _d78788 |
||